| 000 | 00571nam a2200205 a 4500 | ||
|---|---|---|---|
| 001 | 19290 | ||
| 003 | CO-ViMGA | ||
| 008 | 141112s2004 ck r 000 u spa d | ||
| 020 | _a8420635553 | ||
| 040 |
_aCO-ViMGA _bspa _cCO-ViMGA |
||
| 082 | 0 | 4 | _a813.5 A745e |
| 100 | 1 | _aAsimov, Isaac | |
| 245 | 1 | 0 | _aEstoy en Puertomarte sin Hilda |
| 260 |
_aMadrid : _bAlianza; 2000 |
||
| 300 | _a293 p. | ||
| 490 | _aEl libro de bolsillo, Literatura Contemporanea | ||
| 590 | _aForma de adquisición : Premio Mincultura | ||
| 650 | 1 | 4 |
_aNOVELA ESTADOUNIDENSE _9761 |
| 942 |
_2ddc _cBK |
||
| 999 |
_c28449 _d28449 |
||